Instructor's manual for microeconomics for business decisions (Record no. 4155)

MARC details
000 -LEADER
fixed length control field 00518nam a22001577a 4500
003 - CONTROL NUMBER IDENTIFIER
control field OSt
005 - DATE AND TIME OF LATEST TRANSACTION
control field 20250822025057.0
008 - FIXED-LENGTH DATA ELEMENTS--GENERAL INFORMATION
fixed length control field 250822b |||||||| |||| 00| 0 eng d
040 ## - CATALOGING SOURCE
Transcribing agency OC
082 ## - DEWEY DECIMAL CLASSIFICATION NUMBER
Classification number Circ. 338.5 So42i 1992
100 ## - MAIN ENTRY--PERSONAL NAME
Personal name Solberg, E.
245 ## - TITLE STATEMENT
Title Instructor's manual for microeconomics for business decisions
260 ## - PUBLICATION, DISTRIBUTION, ETC.
Place of publication, distribution, etc. Massachussetts :
Name of publisher, distributor, etc. D. C. Heath and Company,
Date of publication, distribution, etc. c1992
300 ## - PHYSICAL DESCRIPTION
Extent v. p. :
Dimensions 28 cm.
942 ## - ADDED ENTRY ELEMENTS (KOHA)
Source of classification or shelving scheme Dewey Decimal Classification
Koha item type Book Circulation
Classification part Circ. 338.5 So42i 1992
Call number prefix Circ.
Suppress in OPAC No
952 ## - LOCATION AND ITEM INFORMATION (KOHA)
--
Holdings
Withdrawn status Lost status Source of classification or shelving scheme Damaged status Not for loan Home library Current library Shelving location Date acquired Source of acquisition Total Checkouts Full call number Barcode Date last seen Copy number Price effective from Koha item type Uniform Resource Identifier
    Dewey Decimal Classification     College Library College Library Circulation 08/30/2004 School Fund   Circ. 338.5 So42i 1992 CL41039 08/22/2025 c1 08/22/2025 BK-CIRC